000 00841nam0a22002531 4500
001 rc\2999232
005 20250806200603.0
035 _a(NLR Aleph) 007142760
090 _a70599
_c70599
100 _a20110919d1944 u y0rusy50 ca
101 0 _arus
102 _aRU
105 _aa z |||||
200 1 _aЛабораторная практика
_eСборник
_fПод ред. д-ра мед. наук проф. О.И. Бронштейн
210 _aМосква
_cМедгиз
_d1944
215 _a68 с.
_cил., черт.
_d20 см
702 1 _aБронштейн
_bО.И.
_f1873-1944
_gОсип Ильич
_4340
801 0 _aRU
_bNLR
_gpsbo
801 1 _aRU
_bELAR
_2rusmarc
852 _aNLR
_jМк02 Г-4/9
942 _cBOOK
945 _aРоссийская национальная библиотека
980 _aNB
980 _aBV